|
|
|
|
| LEADER |
00000cam a22000004a 4500 |
| 001 |
musev2_52339 |
| 003 |
MdBmJHUP |
| 005 |
20230905045601.0 |
| 006 |
m o d |
| 007 |
cr||||||||nn|n |
| 008 |
170601s2017 ncu o 00 0 eng d |
| 020 |
|
|
|a 9781469633336
|
| 020 |
|
|
|z 9781469633312
|
| 020 |
|
|
|z 9781469633329
|
| 035 |
|
|
|a (OCoLC)988175886
|
| 040 |
|
|
|a MdBmJHUP
|c MdBmJHUP
|
| 043 |
|
|
|a n-usu--
|
| 050 |
|
4 |
|a E185.86
|b .C587 2017
|
| 100 |
1 |
|
|a Cooper, Anna J.
|q (Anna Julia),
|d 1858-1964,
|e author.
|
| 245 |
1 |
2 |
|a A Voice from the South :
|b By a Black Woman of the South /
|c by Anna J. Cooper.
|
| 264 |
|
1 |
|a Baltimore, Maryland :
|b Project Muse,
|c 2017
|
| 264 |
|
3 |
|a Baltimore, Md. :
|b Project MUSE,
|c 2017
|
| 264 |
|
4 |
|c ©2017
|
| 300 |
|
|
|a 1 online resource (158 pages):
|b portrait
|
| 336 |
|
|
|a text
|b txt
|2 rdacontent
|
| 337 |
|
|
|a computer
|b c
|2 rdamedia
|
| 338 |
|
|
|a online resource
|b cr
|2 rdacarrier
|
| 500 |
|
|
|a Originally published: Xenia, Ohio : Aldine Printing House, 1892.
|
| 500 |
|
|
|a "A DocSouth Books edition."
|
| 500 |
|
|
|a Issued as part of book collections on Project MUSE.
|
| 506 |
|
|
|a Access restricted to authorized users and institutions.
|
| 520 |
|
|
|a Published in 1892, A Voice from the South is the only book published by one of the most prominent African American women scholars and educators of her era. Born a slave, Anna Julia Haywood Cooper would go on to become the fourth African American woman to earn a doctoral degree. Cooper became a prominent member of the black community in Washington, D.C., serving as principal at M Street High School, during which time she wrote A Voice from the South. In it, she engages a variety of issues, including women's rights, racial progress, segregation, and the education of black women. Cooper also discusses a number of authors and their representations of African Americans, including Harriet Beecher Stowe, Albion Tourgee, George Washington Cable, William Dean Howells, and Maurice Thompson, reaching the conclusion that an accurate depiction had yet to be written.
|
| 588 |
|
|
|a Description based on print version record.
|
| 650 |
|
0 |
|a African Americans
|z Southern States
|x History
|y 19th century.
|
| 650 |
|
0 |
|a African Americans
|z Southern States
|x Social conditions
|y 19th century.
|
| 650 |
|
0 |
|a African American women
|z Southern States
|x History
|y 19th century.
|
| 650 |
|
0 |
|a African American women
|z Southern States
|x Social conditions
|y 19th century.
|
| 651 |
|
0 |
|a Southern States
|x Race relations.
|
| 655 |
|
7 |
|a Electronic books.
|2 local
|
| 710 |
2 |
|
|a Project Muse,
|e distributor.
|
| 776 |
1 |
8 |
|i Print version:
|z 9781469633312
|
| 710 |
2 |
|
|a Project Muse.
|e distributor
|
| 830 |
|
0 |
|a Book collections on Project MUSE.
|
| 856 |
4 |
0 |
|z Texto completo
|u https://projectmuse.uam.elogim.com/book/52339/
|
| 945 |
|
|
|a Project MUSE - Custom Collection
|
| 945 |
|
|
|a Project MUSE - 2017 Complete
|
| 945 |
|
|
|a Project MUSE - 2017 US Regional Studies, South
|
| 945 |
|
|
|a Project MUSE - 2017 American Studies
|